| 000 | 00649nam a2200265Ia 4500 | ||
|---|---|---|---|
| 003 | OSt | ||
| 005 | 20221006144107.0 | ||
| 006 | a|||||r|||| 00| 0 | ||
| 007 | ta | ||
| 008 | 221006b |||||||| |||| 00| 0 eng d | ||
| 020 | _c£4.00 | ||
| 024 | _a10,855 | ||
| 037 | _cTextual | ||
| 040 |
_aEASL _cEASL _beng |
||
| 041 |
_2eng _aeng |
||
| 082 | _aQ:4596.42, L6 | ||
| 100 |
_aELIOT Alexander _9650853 |
||
| 245 | 0 | _aZen edge | |
| 260 |
_aLondon _bThames and Hudson _c1976 |
||
| 300 |
_a136p. _ccm. |
||
| 490 | _v Gen | ||
| 650 | _aGen | ||
| 942 |
_hQ:4596.42, L6 _cTEXL _2CC |
||
| 999 |
_c1078941 _d1078941 |
||